| 000 | 00573nam a2200217Ia 4500 | ||
|---|---|---|---|
| 008 | 180523s9999 xx 000 0 und d | ||
| 020 | _a971-08-1448-6 | ||
| 050 | _aMAIN RC 480.5 | ||
| 050 | _b.H37 1979 c.2 | ||
| 100 | _aHarris, Thomas A. | ||
| 245 | 0 | _aI'm ok you're ok : | |
| 245 | 2 | _ba practical guide to transactional analysis / | |
| 245 | 0 | _cThomas A. Harris. | |
| 260 | _aNew York : | ||
| 260 | _bHarper and Row Pub., | ||
| 260 | _c1979 | ||
| 300 | _a278 pages : | ||
| 300 | _c17 cm. | ||
| 500 | _aIncludes index. | ||
| 650 | _aTransactional analysis. | ||
| 999 |
_c357644 _d357644 |
||